Biggest Cities in Europe - Sudden Death (Difficult) - Statistics

General Stats
  • This quiz has been taken 95 times
  • The average score is 7 of 20
Answers on the Grid
Answers color-coded by a green-red scale on the quiz's grid according to % correct below.
Barcelona
Belgrade
Berlin
Birmingham
Bucharest
Budapest
Cologne
Hamburg
Helsinki
Istanbul
Kazan
Kharkiv
Krasnodar
Kyiv
London
Madrid
Milan
Minsk
Moscow
Munich
Nizhny Novgorod
Paris
Perm
Prague
Rome
Rostov-on-Don
Saint Petersburg
Samara
Seville
Sofia
Ufa
Vienna
Volgograd
Voronezh
Warsaw
 
Answer Stats
Answer % Correct
Berlin
67%
London
65%
Moscow
65%
Paris
61%
Istanbul
59%
Barcelona
54%
Madrid
50%
Saint Petersburg
48%
Rome
43%
Kyiv
37%
Hamburg
33%
Warsaw
24%
Bucharest
17%
Budapest
15%
Vienna
13%
Prague
11%
Belgrade
9%
Minsk
7%
Munich
7%
Kharkiv
2%
No matching quizzes found
Score Distribution
Percent of People with Each Score
Percentile by Number Answered
Your Score History
You have not taken this quiz